[Event "Mittelrhein Verbandsliga-W 17/18"]
[Site "Nordrheinwestfalen"]
[Date "2018.02.04"]
[Round "7.6"]
[White "Grothues Lay, Kay"]
[Black "Liebe, Uwe"]
[Result "1/2-1/2"]
[WhiteElo "1831"]
[BlackElo "1808"]
[PlyCount "99"]
[EventDate "2017.09.10"]
[EventType "team-tourn"]
[EventRounds "11"]
[EventCountry "GER"]
[SourceTitle "EXT 2022"]
[Source "ChessBase"]
[SourceDate "2021.10.06"]
[SourceVersion "1"]
[SourceVersionDate "2021.10.06"]
[SourceQuality "1"]
[WhiteTeam "Erftstadt SV"]
[BlackTeam "Lendersdorf"]
[WhiteTeamCountry "GER"]
[BlackTeamCountry "GER"]

1. d4 Nf6 2. f4 d5 3. Nf3 Bf5 4. e3 e6 5. Bd3 Be4 6. 0-0 Be7 7. Qe2 0-0 8. Nbd2 Bxd3 9. Qxd3 c5 10. c3 Nc6 11. Ne5 c4 12. Qe2 Nd7 13. e4 f6 14. exd5 Nxd4 15. cxd4 fxe5 16. dxe6 Nb6 17. dxe5 Qd4+ 18. Kh1 Bc5 19. Nf3 Qd5 20. Ng5 h6 21. Ne4 Be7 22. Nc3 Qxe6 23. Qe4 Nd7 24. Be3 Bc5 25. Rad1 Bxe3 26. Qxe3 b6 27. Nb5 Rac8 28. Nd4 Qe7 29. Rf3 Rc5 30. b4 Rcc8 31. Qc3 a6 32. a4 Rfd8 33. Re1 Nf8 34. b5 axb5 35. axb5 Qc5 36. Nf5 Ne6 37. Nd6 Rc7 38. f5 Nd4 39. Rf4 Nxb5 40. Nxb5 Qxb5 41. Rd4 Rxd4 42. Qxd4 Rd7 43. Qe4 Qd5 44. Kg1 Kf8 45. Kf2 b5 46. g4 b4 47. Qxd5 Rxd5 48. Re4 Rc5 49. Ke2 b3 50. Kd1 1/2-1/2

[Event "Mittelrhein Verbandsliga-W 17/18"]
[Site "Nordrheinwestfalen"]
[Date "2018.01.14"]
[Round "6.6"]
[White "Robotka, Matthias"]
[Black "Grothues Lay, Kay"]
[Result "1-0"]
[WhiteElo "1764"]
[BlackElo "1831"]
[PlyCount "85"]
[EventDate "2017.09.10"]
[EventType "team-tourn"]
[EventRounds "11"]
[EventCountry "GER"]
[SourceTitle "EXT 2022"]
[Source "ChessBase"]
[SourceDate "2021.10.06"]
[SourceVersion "1"]
[SourceVersionDate "2021.10.06"]
[SourceQuality "1"]
[WhiteTeam "Pulheim"]
[BlackTeam "Erftstadt SV"]
[WhiteTeamCountry "GER"]
[BlackTeamCountry "GER"]

1. e4 c6 2. g3 d5 3. exd5 cxd5 4. Bg2 Nc6 5. d4 Nf6 6. Nf3 Bf5 7. c3 e6 8. Qb3 Rb8 9. Bf4 Bd6 10. Bxd6 Qxd6 11. 0-0 0-0 12. Nbd2 Rfc8 13. Rfe1 Ne4 14. Nxe4 Bxe4 15. Nd2 Bxg2 16. Kxg2 a6 17. f4 Na5 18. Qc2 Nc4 19. Nxc4 dxc4 20. Qe4 Qc6 21. Kf2 Qxe4 22. Rxe4 b5 23. a3 Rc6 24. Rae1 Kf8 25. Re5 Rd6 26. Rc5 Rd5 27. Rc6 a5 28. Re5 Rxe5 29. fxe5 Rd8 30. Ra6 a4 31. Rb6 Rd5 32. Rb8+ Ke7 33. Rb7+ Ke8 34. Ke3 h6 35. Ke4 f5+ 36. Kf3 Kf8 37. h4 g5 38. h5 Ke8 39. Rh7 Rd7 40. Rh8+ Kf7 41. Rxh6 Rd8 42. Rh7+ Kg8 43. Re7 1-0

[Event "Mittelrhein Verbandsliga-W 17/18"]
[Site "Nordrheinwestfalen"]
[Date "2017.10.01"]
[Round "2.6"]
[White "Tonev, Vasil"]
[Black "Grothues Lay, Kay"]
[Result "1-0"]
[WhiteElo "1733"]
[BlackElo "1831"]
[PlyCount "117"]
[EventDate "2017.09.10"]
[EventType "team-tourn"]
[EventRounds "11"]
[EventCountry "GER"]
[SourceTitle "EXT 2022"]
[Source "ChessBase"]
[SourceDate "2021.10.06"]
[SourceVersion "1"]
[SourceVersionDate "2021.10.06"]
[SourceQuality "1"]
[WhiteTeam "Horrem"]
[BlackTeam "Erftstadt SV"]
[WhiteTeamCountry "GER"]
[BlackTeamCountry "GER"]

1. e4 c6 2. d4 d5 3. exd5 cxd5 4. c4 Nf6 5. Nc3 Nc6 6. Nf3 e6 7. a3 a6 8. Be2 dxc4 9. Bxc4 b5 10. Ba2 b4 11. axb4 Nxb4 12. Bb3 Be7 13. 0-0 0-0 14. Bf4 Bb7 15. Ne5 Nfd5 16. Bg3 Rc8 17. Qd2 Bd6 18. f4 Bb8 19. f5 f6 20. Nd3 Nxd3 21. Qxd3 Bxg3 22. hxg3 Qd6 23. fxe6 Rfe8 24. Nxd5 Bxd5 25. Rxa6 Rc6 26. Rxc6 Qxc6 27. Bxd5 Qxd5 28. Re1 Rxe6 29. Rxe6 Qxe6 30. b3 Qe1+ 31. Kh2 h5 32. d5 h4 33. d6 hxg3+ 34. Qxg3 Qd2 35. Kh3 Qh6+ 36. Kg4 Qg5+ 37. Kf3 Qd5+ 38. Ke2 Qe4+ 39. Kd2 Qd4+ 40. Kc2 Qe4+ 41. Kc3 Qc6+ 42. Kd4 Kf7 43. b4 Qb6+ 44. Kc4 Qc6+ 45. Kb3 Qd5+ 46. Kb2 Qd4+ 47. Ka2 Qd2+ 48. Ka3 Qc1+ 49. Ka4 Qc6+ 50. Ka3 Qc1+ 51. Kb3 Qd1+ 52. Kc4 Qc2+ 53. Qc3 Qe4+ 54. Qd4 Qc2+ 55. Kb5 Qxg2 56. Kb6 Qa8 57. Kc7 Qa2 58. d7 Qc2+ 59. Kb6 1-0

[Event "Mittelrhein Verbandsliga-W 17/18"]
[Site "Nordrheinwestfalen"]
[Date "2017.09.10"]
[Round "1.6"]
[White "Grothues Lay, Kay"]
[Black "Hoefner, Christoph"]
[Result "1/2-1/2"]
[WhiteElo "1831"]
[BlackElo "1790"]
[PlyCount "41"]
[EventDate "2017.09.10"]
[EventType "team-tourn"]
[EventRounds "11"]
[EventCountry "GER"]
[SourceTitle "EXT 2022"]
[Source "ChessBase"]
[SourceDate "2021.10.06"]
[SourceVersion "1"]
[SourceVersionDate "2021.10.06"]
[SourceQuality "1"]
[WhiteTeam "Erftstadt SV"]
[BlackTeam "Bruehl III"]
[WhiteTeamCountry "GER"]
[BlackTeamCountry "GER"]

1. d4 Nf6 2. f4 d5 3. Nf3 Bf5 4. e3 e6 5. Bd3 Bxd3 6. Qxd3 c6 7. Nbd2 Nbd7 8. 0-0 Bd6 9. Ne5 0-0 10. a4 Rc8 11. c3 g6 12. Rf3 Ne8 13. e4 f5 14. exf5 exf5 15. Rh3 Ndf6 16. b4 Ne4 17. Nxe4 fxe4 18. Qe2 Ng7 19. Bd2 Rc7 20. Rf1 Bxe5 21. fxe5 1/2-1/2

[Event "Mittelrhein Verbandsliga-W 16/17"]
[Site "Nordrheinwestfalen"]
[Date "2016.12.18"]
[Round "5.8"]
[White "Grothues Lay, Kay"]
[Black "Norget, Michael"]
[Result "1/2-1/2"]
[WhiteElo "1785"]
[BlackElo "1644"]
[PlyCount "31"]
[EventDate "2016.09.11"]
[EventType "team-tourn"]
[EventRounds "11"]
[EventCountry "GER"]
[SourceTitle "EXT 2022"]
[Source "ChessBase"]
[SourceDate "2021.10.06"]
[SourceVersion "1"]
[SourceVersionDate "2021.10.06"]
[SourceQuality "1"]
[WhiteTeam "Erftstadt SV"]
[BlackTeam "Herzogenrath"]
[WhiteTeamCountry "GER"]
[BlackTeamCountry "GER"]

1. d4 d5 2. f4 Nf6 3. Nf3 Bf5 4. e3 Ne4 5. Bd3 Nd7 6. 0-0 Ndf6 7. Ne5 e6 8. Nd2 Bd6 9. Ndf3 0-0 10. Qe2 c5 11. dxc5 Bxc5 12. Nd4 Bxd4 13. exd4 Rc8 14. c3 Nd6 15. Bd2 Bxd3 16. Qxd3 1/2-1/2

[Event "Leverkusen-ch op"]
[Site "Leverkusen"]
[Date "2010.04.26"]
[Round "7"]
[White "Buchkremer, Felix"]
[Black "Grothues Lay, Kay"]
[Result "1-0"]
[WhiteElo "2088"]
[BlackElo "1833"]
[PlyCount "51"]
[EventDate "2010.01.18"]
[EventType "swiss"]
[EventRounds "7"]
[EventCountry "GER"]
[SourceTitle "EXT 2011"]
[Source "ChessBase"]
[SourceDate "2010.11.26"]
[SourceVersion "1"]
[SourceVersionDate "2010.11.26"]
[SourceQuality "1"]

1. e4 c6 2. d4 d5 3. exd5 cxd5 4. c4 Nc6 5. Nf3 Nf6 6. Nc3 Bg4 7. cxd5 Nxd5 8. Qb3 Bxf3 9. gxf3 Nxc3 10. bxc3 Qc7 11. Rb1 Rb8 12. d5 Ne5 13. Bb5+ Nd7 14. Bxd7+ Qxd7 15. Bf4 Rc8 16. Qxb7 Qxb7 17. Rxb7 Rxc3 18. 0-0 Rc4 19. Bg3 f5 20. Rxa7 f4 21. Bh4 g5 22. d6 Rd4 23. dxe7 Bxe7 24. Re1 Rd7 25. Ra8+ Rd8 26. Rxe7+ 1-0

[Event "Cologne Longerich op 6th"]
[Site "Cologne"]
[Date "2009.08.23"]
[Round "5"]
[White "Grothues Lay, Kay"]
[Black "Roehlich, Dirk"]
[Result "1/2-1/2"]
[WhiteElo "1833"]
[BlackElo "1587"]
[PlyCount "35"]
[EventDate "2009.08.21"]
[EventType "swiss"]
[EventRounds "5"]
[EventCountry "GER"]
[SourceTitle "EXT 2012"]
[Source "ChessBase"]
[SourceDate "2011.11.24"]
[SourceVersion "1"]
[SourceVersionDate "2011.11.24"]
[SourceQuality "1"]

1. d4 d5 2. f4 Bf5 3. Nf3 Nf6 4. e3 e6 5. c3 Be7 6. Bd3 Bxd3 7. Qxd3 a6 8. Nbd2 0-0 9. 0-0 c5 10. Ne5 Nbd7 11. Rf3 Rc8 12. Rh3 g6 13. Qe2 Ne4 14. Nxe4 dxe4 15. Bd2 f5 16. Kh1 Nxe5 17. fxe5 Bg5 18. Rf1 1/2-1/2

[Event "Cologne Longerich op 6th"]
[Site "Cologne"]
[Date "2009.08.22"]
[Round "2"]
[White "Knuetter, Helmut"]
[Black "Grothues Lay, Kay"]
[Result "0-1"]
[WhiteElo "1643"]
[BlackElo "1833"]
[PlyCount "60"]
[EventDate "2009.08.21"]
[EventType "swiss"]
[EventRounds "5"]
[EventCountry "GER"]
[SourceTitle "EXT 2012"]
[Source "ChessBase"]
[SourceDate "2011.11.24"]
[SourceVersion "1"]
[SourceVersionDate "2011.11.24"]
[SourceQuality "1"]

1. e4 c6 2. d4 d5 3. exd5 cxd5 4. Bd3 Nf6 5. Bf4 Nc6 6. c3 e6 7. Nf3 Bd6 8. Bxd6 Qxd6 9. Nbd2 0-0 10. 0-0 a6 11. Re1 Ne7 12. Ne5 Ng6 13. Nf1 Nd7 14. Nxd7 Bxd7 15. g3 f5 16. Nd2 f4 17. Bxg6 hxg6 18. Nf3 Rf5 19. Ne5 fxg3 20. fxg3 Raf8 21. Nxg6 R8f6 22. Ne5 Bb5 23. Nd3 Rf3 24. Nf4 R3xf4 25. gxf4 Qxf4 26. Kh1 Rg6 27. Re5 Qf2 28. Qg1 Rxg1+ 29. Rxg1 Qf3+ 30. Rg2 Bf1 0-1